Математические основы квантовой статистической механики. Непрерывные системы: монография

Podrobná bibliografie
Hlavní autor: Петрина Д. Я. Дмитрий Яковлевич
Shrnutí:Монография посвящена изучению равновесных и неравновесных состояний бесконечных непрерывных систем квантовой статистической механики. Состояния таких систем описываются бесконечными последовательностями статистических операторов (редуцированных матриц плотности) или функций Грина, которые удовлетворяют бесконечной системе зацепляющихся интегро-дифференциальных уравнений. Монография, в основном, имеет дело с исследованием этих уравнений и построением их решений. Большое внимание уделено изучению модельных систем теории сверхпроводимости, сверхтекучести и других точно решаемых моделей. Предназначена для специалистов в области современной математической и теоретической физики и математиков, а также для аспирантов и студентов старших курсов по этим специальностям.
Jazyk:ruština
Vydáno: Москва, Либроком, 2014
Vydání:2-е изд.
Témata:
Médium: MixedMaterials Kniha
KOHA link:https://koha.lib.tpu.ru/cgi-bin/koha/opac-detail.pl?biblionumber=250729

MARC

LEADER 00000nam0a2200000 4500
001 250729
005 20231101232606.0
010 |a 9785397044028 
035 |a (RuTPU)RU\TPU\book\272951 
090 |a 250729 
100 |a 20140217d2014 k y0rusy50 ca 
101 0 |a rus 
102 |a RU 
105 |a y z 001zy 
200 1 |a Математические основы квантовой статистической механики. Непрерывные системы  |e монография  |f Д. Я. Петрина 
205 |a 2-е изд. 
210 |a Москва  |c Либроком  |d 2014 
215 |a 624 с. 
320 |a Библиография в конце глав. 
330 |a Монография посвящена изучению равновесных и неравновесных состояний бесконечных непрерывных систем квантовой статистической механики. Состояния таких систем описываются бесконечными последовательностями статистических операторов (редуцированных матриц плотности) или функций Грина, которые удовлетворяют бесконечной системе зацепляющихся интегро-дифференциальных уравнений. Монография, в основном, имеет дело с исследованием этих уравнений и построением их решений. Большое внимание уделено изучению модельных систем теории сверхпроводимости, сверхтекучести и других точно решаемых моделей. Предназначена для специалистов в области современной математической и теоретической физики и математиков, а также для аспирантов и студентов старших курсов по этим специальностям. 
606 1 |a Квантовая механика  |x Математические методы  |2 stltpush  |3 (RuTPU)RU\TPU\subj\14212  |9 40668 
610 1 |a физика 
610 1 |a квантовая статистическая механика 
610 1 |a квантовые системы 
610 1 |a представление Гейзенберга 
610 1 |a бесконечные системы 
610 1 |a уравнения Боголюбова 
610 1 |a статистические операторы 
610 1 |a распределения Гиббса 
610 1 |a термодинамический предел 
610 1 |a равновесные состояния 
610 1 |a сверхпроводимость 
610 1 |a сверхтекучесть 
610 1 |a функции Грина 
610 1 |a гамильтоновы системы 
610 1 |a функциональные пространства 
610 1 |a гильбертовы пространства 
610 1 |a квазисредние 
610 1 |a спектральные представления 
610 1 |a непрерывные системы 
610 1 |a монографии 
675 |a 530.145.6:51  |v 3 
700 1 |a Петрина  |b Д. Я.  |g Дмитрий Яковлевич 
801 1 |a RU  |b 63413507  |c 20140217 
801 2 |a RU  |b 63413507  |c 20150702  |g RCR 
942 |c BK 
959 |a 26/20140214  |d 2  |e 859,00  |f ЧЗТЛ:1  |f АНЛ:1